|
|
|
|
| LEADER |
00000nab a2200000 a 4500 |
| 001 |
vtls000331076 |
| 003 |
SK-MaSNL |
| 005 |
20260303194531.0 |
| 008 |
230120c1988 xo 0 slo |
| 015 |
|
|
|a SNBRB19rr/mm-uuuuu
|
| 035 |
|
|
|a CL0331198
|
| 035 |
|
|
|a urn:nbn:sk:snk-ab256h
|
| 035 |
|
|
|a (urnnbn)urn:nbn:sk:snk:ar-a01ocf
|
| 035 |
|
|
|a (uuid)9778adf7-64f0-4cb0-affa-29289b41ed17
|
| 040 |
|
|
|a SNKBUCL
|b slo
|c SNKBUCL
|e AACR2
|
| 041 |
0 |
|
|a slo
|
| 044 |
|
|
|a xo
|c SK
|
| 080 |
|
|
|a 78.071.2:785.11
|2 1981
|
| 080 |
|
|
|a 785.11
|2 1981
|
| 100 |
1 |
|
|a Dohnalová, Lýdia
|4 aut
|9 9297
|
| 245 |
1 |
0 |
|a Opäť Mozart
|c Lýdia Dohnalová
|
| 300 |
|
|
|b Obr. 1.
|
| 600 |
1 |
7 |
|a Mozart, Wolfgang Amadeus,
|d 1756-1791
|t Symfónia č. 36 C dur, KV 425 "Linecká"
|2 snkbucl
|9 1226768
|
| 600 |
1 |
7 |
|a Mozart, Wolfgang Amadeus,
|d 1756-1791
|t Symfónia č. 35 D dur, KV 385 "Haffnerova"
|2 snkbucl
|9 1113900
|
| 610 |
2 |
7 |
|a Slovenská filharmónia
|2 snkbucl
|9 145774
|
| 650 |
0 |
7 |
|a gramofónové platne
|2 snkbucl
|9 87790
|
| 655 |
|
7 |
|a recenzie
|2 snkbucl
|9 21907
|
| 655 |
|
7 |
|a články z novín a časopisov
|2 snkbucl
|9 267496
|
| 773 |
0 |
|
|t Hudobný život
|g Roč. 20, č. 9 (1988), s. 6
|
| 850 |
|
|
|a Slovenská národná knižnica v Martine
|a MTA001
|
| 852 |
|
|
|a SNK
|b KIS3GCP
|
| 954 |
|
|
|a odborná, vedecká literatúra pôvodná (slovenská)
|2 lita
|
| 958 |
|
|
|a OND
|
| 958 |
|
|
|a RK
|
| 958 |
|
|
|a EUIPO
|
| 958 |
|
|
|a article27
|
| 992 |
|
|
|a RBX
|
| 999 |
|
|
|c 2158160
|d 2160090
|